Safeguards for the New Uganda Constitution / (Record no. 8533)

MARC details
000 -LEADER
fixed length control field 00557nam a22001817a 4500
003 - CONTROL NUMBER IDENTIFIER
control field OSt
005 - DATE AND TIME OF LATEST TRANSACTION
control field 20171025192055.0
008 - FIXED-LENGTH DATA ELEMENTS--GENERAL INFORMATION
fixed length control field 171025b xxu||||| |||| 00| 0 eng d
040 ## - CATALOGING SOURCE
Original cataloging agency LDCLIB
Transcribing agency LDCLIB
082 ## - DEWEY DECIMAL CLASSIFICATION NUMBER
Edition number 22
Classification number 342.02
Item number SAF
245 ## - TITLE STATEMENT
Title Safeguards for the New Uganda Constitution /
Statement of responsibility, etc edited by Joseph M.N. Kakooza.
260 ## - PUBLICATION, DISTRIBUTION, ETC. (IMPRINT)
Place of publication, distribution, etc Kampala, Uganda :
Name of publisher, distributor, etc Foundation for Afrian Development,
Date of publication, distribution, etc c1991.
300 ## - PHYSICAL DESCRIPTION
Extent 414 p. ;
Dimensions 23 cm.
440 ## - SERIES STATEMENT/ADDED ENTRY--TITLE
Title African development series
Number of part/section of a work No.6
650 ## - SUBJECT ADDED ENTRY--TOPICAL TERM
Topical term or geographic name as entry element Constitution
700 ## - ADDED ENTRY--PERSONAL NAME
Personal name Kakooza, Joseph M.N.
942 ## - ADDED ENTRY ELEMENTS (KOHA)
Source of classification or shelving scheme Dewey Decimal Classification
Koha item type Books
Holdings
Withdrawn status Lost status Damaged status Not for loan Home library Current library Shelving location Date acquired Total Checkouts Full call number Barcode Date last seen Price effective from Koha item type
        Law Development Centre Main Library Law Development Centre Main Library Text Books and Laws 10/25/2017   342.02 SAF 2011/3300 10/25/2017 10/25/2017 Books